Giáo trình luật tố tụng dân sự Việt Nam
Những nguyên tắc cơ bản của luật tố tụng dân sự VN. Thẩm quyền xét xử của toà án nhân dân. Các chứng cứ trong tố tụng dân sự. Các thủ tục giải quyết vụ án dân sự.
Bewaard in:
| Hoofdauteur: | |
|---|---|
| Formaat: | Boek |
| Taal: | Undetermined |
| Gepubliceerd in: |
Hà Nội
Đại học Quốc Gia Hà Nội
1997
|
| Onderwerpen: | |
| Tags: |
Voeg label toe
Geen labels, Wees de eerste die dit record labelt!
|
| Thư viện lưu trữ: | Trung tâm Học liệu Trường Đại học Cần Thơ |
|---|
| LEADER | 00890nam a2200217Ia 4500 | ||
|---|---|---|---|
| 001 | CTU_23820 | ||
| 008 | 210402s9999 xx 000 0 und d | ||
| 020 | |c 35000 | ||
| 082 | |a 347.597 | ||
| 082 | |b H100 | ||
| 100 | |a Lê, Thu Hà | ||
| 245 | 0 | |a Giáo trình luật tố tụng dân sự Việt Nam | |
| 245 | 0 | |c Lê Thu Hà | |
| 260 | |a Hà Nội | ||
| 260 | |b Đại học Quốc Gia Hà Nội | ||
| 260 | |c 1997 | ||
| 520 | |a Những nguyên tắc cơ bản của luật tố tụng dân sự VN. Thẩm quyền xét xử của toà án nhân dân. Các chứng cứ trong tố tụng dân sự. Các thủ tục giải quyết vụ án dân sự. | ||
| 650 | |a Civil procedure | ||
| 650 | |z Vietnam | ||
| 904 | |i Nguyễn Quang Điền, Giang sửa | ||
| 980 | |a Trung tâm Học liệu Trường Đại học Cần Thơ | ||